[Event "Badalona Castella op-B 45th"]
[Site "Badalona"]
[Date "2019.08.07"]
[Round "6.3"]
[White "Flores Linan, Josep Luis"]
[Black "Fabregas Fontanet, Antonio"]
[Result "0-1"]
[WhiteElo "1825"]
[BlackElo "1896"]
[PlyCount "90"]
[EventDate "2019.08.02"]
[EventType "swiss"]
[EventRounds "9"]
[EventCountry "ESP"]
[SourceTitle "EXT 2024"]
[Source "ChessBase"]
[SourceDate "2023.10.10"]
[SourceVersion "1"]
[SourceVersionDate "2023.10.10"]
[SourceQuality "1"]

1. d4 Nf6 2. c4 g6 3. d5 Bg7 4. Nc3 d6 5. e4 0-0 6. Nge2 e6 7. Ng3 exd5 8. cxd5 Re8 9. Be2 h5 10. Bg5 Nbd7 11. Bb5 Nxe4 12. Ngxe4 Bxc3+ 13. bxc3 Rxe4+ 14. Be3 Ne5 15. Be2 Bg4 16. 0-0 Bxe2 17. Qxe2 Ng4 18. Qf3 Qh4 19. Bf4 Rae8 20. h3 Nf6 21. Bg3 Qg5 22. h4 Qf5 23. Qxf5 gxf5 24. Rfd1 Rc4 25. Rd3 Re2 26. Rf3 f4 27. Bxf4 Nxd5 28. Bg3 Ne7 29. a4 a5 30. Bf4 Ree4 31. Bg5 Ng6 32. Bd8 Kf8 33. Rb1 Ke8 34. Bf6 b6 35. Rf5 Rf4 36. Rbb5 c6 37. g3 cxb5 38. gxf4 bxa4 39. Rb5 a3 40. Rb3 Ra4 41. c4 a2 42. Ba1 Rb4 43. Re3+ Kd7 44. Re1 Rb1 45. Kf1 Nxf4 0-1

[Event "Barcelona La Lira op 12th"]
[Site "Barcelona"]
[Date "2019.06.06"]
[Round "9"]
[White "Gonzalez Muelas, Marco Antonio"]
[Black "Flores Linan, Josep Luis"]
[Result "1/2-1/2"]
[WhiteElo "1610"]
[BlackElo "1808"]
[PlyCount "87"]
[EventDate "2019.04.04"]
[EventType "swiss"]
[EventRounds "9"]
[EventCountry "ESP"]
[SourceTitle "CBM 190 Extra"]
[Source "ChessBase"]
[SourceDate "2019.07.15"]
[SourceVersion "1"]
[SourceVersionDate "2019.07.15"]
[SourceQuality "1"]

1. d4 g6 2. c4 Bg7 3. Nc3 Nf6 4. Nf3 d6 5. Bg5 h6 6. Bxf6 Bxf6 7. e3 0-0 8. Bd3 c5 9. 0-0 Nd7 10. Rc1 Bg7 11. Bb1 Nf6 12. a3 Be6 13. d5 Bg4 14. h3 Bh5 15. b4 g5 16. Ne4 Nxe4 17. Bxe4 f5 18. Bb1 Qe8 19. e4 g4 20. hxg4 fxg4 21. Nh4 Bd4 22. Qd3 Bg6 23. Nf5 Bxf5 24. exf5 Rf6 25. Rce1 Be5 26. bxc5 Qh5 27. g3 Raf8 28. cxd6 exd6 29. f4 Rxf5 30. fxe5 Rxf1+ 31. Rxf1 Rxf1+ 32. Qxf1 Qxe5 33. Qf2 Qa1 34. Qc2 Qxa3 35. Qh7+ Kf8 36. Qxh6+ Ke7 37. Qg5+ Kd7 38. Bf5+ Kc7 39. Qxg4 a5 40. Bc8 Qe3+ 41. Kg2 Qd2+ 42. Kh3 Qh6+ 43. Kg2 Qd2+ 44. Kh3 1/2-1/2

[Event "Barcelona La Lira op 12th"]
[Site "Barcelona"]
[Date "2019.05.23"]
[Round "7"]
[White "Rojas Fernandez, Andres"]
[Black "Flores Linan, Josep Luis"]
[Result "1-0"]
[WhiteElo "1910"]
[BlackElo "1808"]
[PlyCount "145"]
[EventDate "2019.04.04"]
[EventType "swiss"]
[EventRounds "9"]
[EventCountry "ESP"]
[SourceTitle "CBM 190 Extra"]
[Source "ChessBase"]
[SourceDate "2019.07.15"]
[SourceVersion "1"]
[SourceVersionDate "2019.07.15"]
[SourceQuality "1"]

1. e4 c5 2. Nc3 d6 3. g3 g6 4. Bg2 Bg7 5. d3 Nc6 6. Be3 Nf6 7. h3 Rb8 8. Qd2 h6 9. Nge2 b5 10. f4 b4 11. Nd1 Qc7 12. 0-0 Bb7 13. f5 g5 14. c3 Rc8 15. cxb4 cxb4 16. Rc1 Qd7 17. d4 a5 18. Nf2 0-0 19. h4 Nh7 20. hxg5 hxg5 21. d5 Ne5 22. b3 Ba6 23. Rfe1 Rxc1 24. Rxc1 Rc8 25. Nd4 Rxc1+ 26. Qxc1 Nd3 27. Nxd3 Bxd4 28. Bxd4 Bxd3 29. Be3 f6 30. Qc6 Bb5 31. Qa8+ Kg7 32. Qxa5 Be2 33. Qxb4 g4 34. Qc3 Qe8 35. Qc6 Qh5 36. Qc2 Bf3 37. b4 Ng5 38. Bxg5 Qxg5 39. Bxf3 gxf3 40. Kf2 Qh5 41. Ke3 Qg4 42. Qf2 Qg5+ 43. Kxf3 Qc1 44. b5 Qh1+ 45. Ke3 Qc1+ 46. Kd3 Qb1+ 47. Ke3 Qc1+ 48. Qd2 Qc5+ 49. Kf3 Qxb5 50. Qe2 Qb1 51. Kg2 Qb4 52. Qc2 Qd4 53. Kh2 Kh6 54. a4 Qb4 55. Kh3 Qe1 56. Kg4 Kg7 57. Kf3 Qh1+ 58. Ke3 Qg1+ 59. Kf4 Kf7 60. Kg4 Qa1 61. Kf3 Qf1+ 62. Ke3 Qg1+ 63. Kd3 Qf1+ 64. Kc3 Qa1+ 65. Kb4 Qe1+ 66. Kb5 Qf1+ 67. Qc4 Qb1+ 68. Qb4 Qd3+ 69. Kb6 Qe3+ 70. Kb7 Qh6 71. a5 Qh8 72. Qb5 Qd8 73. a6 1-0

[Event "Barcelona La Lira op 12th"]
[Site "Barcelona"]
[Date "2019.05.09"]
[Round "5"]
[White "Larriba Montull, Jaume"]
[Black "Flores Linan, Josep Luis"]
[Result "0-1"]
[WhiteElo "1573"]
[BlackElo "1808"]
[PlyCount "70"]
[EventDate "2019.04.04"]
[EventType "swiss"]
[EventRounds "9"]
[EventCountry "ESP"]
[SourceTitle "CBM 190 Extra"]
[Source "ChessBase"]
[SourceDate "2019.07.15"]
[SourceVersion "1"]
[SourceVersionDate "2019.07.15"]
[SourceQuality "1"]

1. d4 g6 2. c4 Bg7 3. e4 d6 4. Nc3 Nf6 5. Be2 0-0 6. Nf3 c5 7. d5 Na6 8. 0-0 Bd7 9. h3 Nc7 10. Be3 a6 11. a4 b5 12. axb5 axb5 13. Rxa8 Qxa8 14. e5 Nfe8 15. Bf4 bxc4 16. Bxc4 Qb7 17. Qd2 Nb5 18. e6 fxe6 19. dxe6 Bc6 20. Nxb5 Bxb5 21. b3 Bxc4 22. bxc4 Qe4 23. Bg5 Nf6 24. Bh6 Qf5 25. Re1 Rb8 26. Bxg7 Kxg7 27. Qc3 Rb1 28. Rxb1 Qxb1+ 29. Kh2 Qe4 30. g4 h6 31. Kg3 g5 32. Qd2 Qxe6 33. Nxg5 hxg5 34. Qxg5+ Kf7 35. f4 Ne4+ 0-1

[Event "Hospitalet de Llobregat op 4th"]
[Site "Hospitalet de Llobregat"]
[Date "2019.04.27"]
[Round "3"]
[White "Daguro Dasalla, Armando"]
[Black "Flores Linan, Josep Luis"]
[Result "1-0"]
[WhiteElo "1956"]
[BlackElo "1808"]
[PlyCount "89"]
[EventDate "2019.04.06"]
[EventType "swiss"]
[EventRounds "9"]
[EventCountry "ESP"]
[SourceTitle "CBM 190 Extra"]
[Source "ChessBase"]
[SourceDate "2019.07.15"]
[SourceVersion "1"]
[SourceVersionDate "2019.07.15"]
[SourceQuality "1"]

1. d4 g6 2. Nf3 Bg7 3. c4 d6 4. Nc3 Nf6 5. e4 0-0 6. Be2 c5 7. d5 Na6 8. 0-0 Bd7 9. Re1 Nc7 10. Bg5 Ng4 11. Nd2 h5 12. h3 Nf6 13. f4 Nh7 14. Bh4 Qe8 15. Nf3 f6 16. Nh2 b5 17. f5 b4 18. Nb1 Qf7 19. Nd2 Bh6 20. fxg6 Qxg6 21. Bxh5 Qg7 22. Bg4 Be8 23. Ndf1 Bg6 24. Ng3 Kh8 25. Nf5 Bxf5 26. Bxf5 Rg8 27. Qe2 Ng5 28. Bxg5 Qxg5 29. Ng4 Rg7 30. Rad1 Rag8 31. Rd3 Qh4 32. Rf1 Rg5 33. Qf3 Kg7 34. a3 a5 35. axb4 axb4 36. Ra1 Ra8 37. Rdd1 Qh5 38. Rxa8 Nxa8 39. Ra1 Nb6 40. b3 Qe8 41. Ra7 Qd8 42. h4 Rh5 43. Qg3 Qe8 44. Nxh6+ Kxh6 45. Rxe7 1-0

[Event "Barcelona Sant Marti op 8th"]
[Site "Barcelona"]
[Date "2019.03.07"]
[Round "8"]
[White "Flores Linan, Josep Luis"]
[Black "Febrero Perez, Lluis"]
[Result "1-0"]
[WhiteElo "1778"]
[BlackElo "1419"]
[PlyCount "87"]
[EventDate "2019.01.17"]
[EventType "swiss"]
[EventRounds "9"]
[EventCountry "ESP"]
[SourceTitle "CBM 189 Extra"]
[Source "ChessBase"]
[SourceDate "2019.06.03"]
[SourceVersion "1"]
[SourceVersionDate "2019.06.03"]
[SourceQuality "1"]

1. d4 Nf6 2. c4 g6 3. d5 Bg7 4. Nc3 c6 5. e4 d6 6. Nge2 0-0 7. Ng3 cxd5 8. cxd5 Nbd7 9. Be2 Nc5 10. 0-0 e6 11. Bg5 Qb6 12. Rb1 Qa5 13. b4 Qa3 14. Nb5 Qxa2 15. bxc5 dxc5 16. Nd6 b6 17. Bc4 Qa3 18. Rb3 Qa4 19. Bb5 Qd4 20. Qxd4 cxd4 21. Bc6 Rb8 22. e5 Nxd5 23. Bxd5 exd5 24. Be7 Ba6 25. Bxf8 Bxf1 26. Bxg7 Bc4 27. Nxc4 dxc4 28. Rb4 Kxg7 29. Rxc4 Rd8 30. Ne4 Rd5 31. f4 d3 32. Nd2 g5 33. g3 Kg6 34. Kf2 h5 35. Ke3 b5 36. Rd4 gxf4+ 37. gxf4 Rxd4 38. Kxd4 Kf5 39. Ke3 a5 40. Nb3 a4 41. Nd4+ Kg4 42. f5 b4 43. Kxd3 a3 44. e6 1-0

[Event "Barcelona Barri Gotic op 7th"]
[Site "Barcelona"]
[Date "2019.03.05"]
[Round "4.6"]
[White "Flores Linan, Josep Luis"]
[Black "Febrero Perez, Lluis"]
[Result "1-0"]
[WhiteElo "1778"]
[BlackElo "1416"]
[PlyCount "61"]
[EventDate "2019.02.12"]
[EventType "swiss"]
[EventRounds "9"]
[EventCountry "ESP"]
[SourceTitle "EXT 2024"]
[Source "ChessBase"]
[SourceDate "2023.10.10"]
[SourceVersion "1"]
[SourceVersionDate "2023.10.10"]
[SourceQuality "1"]

1. d4 Nf6 2. c4 g6 3. Nc3 d5 4. Nf3 Bg7 5. Bf4 0-0 6. e3 b6 7. cxd5 Nxd5 8. Nxd5 Qxd5 9. Bd3 Na6 10. 0-0 c5 11. Nd2 Bb7 12. Be4 Qd7 13. Qf3 Bxe4 14. Nxe4 cxd4 15. Rfd1 Qb5 16. Rd2 e5 17. Bg5 f5 18. Ng3 e4 19. Qd1 d3 20. h4 h6 21. Bf4 Nb4 22. Qb3+ Kh7 23. Bd6 Rfc8 24. Bxb4 Rc4 25. Bc3 Qc5 26. Bxg7 Rc1+ 27. Rd1 Rxa1 28. Rxa1 Kxg7 29. h5 Rc8 30. hxg6 Qe7 31. Nxf5+ 1-0

[Event "Barcelona Sant Marti op 8th"]
[Site "Barcelona"]
[Date "2019.01.31"]
[Round "3"]
[White "Mas Recorda, Pere"]
[Black "Flores Linan, Josep Luis"]
[Result "1-0"]
[WhiteElo "1965"]
[BlackElo "1778"]
[PlyCount "89"]
[EventDate "2019.01.17"]
[EventType "swiss"]
[EventRounds "9"]
[EventCountry "ESP"]
[SourceTitle "CBM 189 Extra"]
[Source "ChessBase"]
[SourceDate "2019.06.03"]
[SourceVersion "1"]
[SourceVersionDate "2019.06.03"]
[SourceQuality "1"]

1. d4 g6 2. e4 Bg7 3. c4 d6 4. Nc3 Nf6 5. f4 0-0 6. Nf3 c5 7. d5 Na6 8. Bd3 Nc7 9. 0-0 e6 10. dxe6 fxe6 11. Qe2 Bd7 12. e5 Nfe8 13. Be3 b6 14. Be4 Rc8 15. Rad1 Qe7 16. Qd2 d5 17. cxd5 exd5 18. Nxd5 Nxd5 19. Bxd5+ Be6 20. Bxe6+ Qxe6 21. b3 h6 22. Qd7 Nc7 23. Rd6 Qxd7 24. Rxd7 Ne6 25. Rfd1 Rfd8 26. R1d6 Rxd7 27. Rxd7 Rc7 28. Rxc7 Nxc7 29. Kf2 Nd5 30. Bd2 Kf7 31. Ne1 Ke6 32. Nd3 Kf5 33. Kf3 h5 34. g3 Nc7 35. h3 Nb5 36. g4+ Ke6 37. Ke4 Nd4 38. Bc3 Ne2 39. f5+ gxf5+ 40. gxf5+ Kf7 41. e6+ Kg8 42. Bxg7 Kxg7 43. Ke5 Nd4 44. f6+ Kf8 45. Nf4 1-0

[Event "Barcelona Escacs op 2nd"]
[Site "Barcelona"]
[Date "2017.11.10"]
[Round "6"]
[White "Flores Linan, Josep Luis"]
[Black "Cano Sevila, Ivan"]
[Result "0-1"]
[WhiteElo "1816"]
[BlackElo "1887"]
[PlyCount "74"]
[EventDate "2017.09.29"]
[EventType "swiss"]
[EventRounds "9"]
[EventCountry "ESP"]
[SourceTitle "EXT 2019"]
[Source "ChessBase"]
[SourceDate "2018.10.10"]
[SourceVersion "1"]
[SourceVersionDate "2018.10.10"]
[SourceQuality "1"]

1. d4 d5 2. Bg5 c6 3. Nf3 Qb6 4. Qc1 Bf5 5. e3 e6 6. Be2 Be7 7. Bxe7 Nxe7 8. Ne5 f6 9. Nd3 Nd7 10. 0-0 0-0 11. Nd2 e5 12. Nb3 Bxd3 13. Bxd3 e4 14. Be2 f5 15. c4 Rac8 16. Qd2 Qc7 17. cxd5 Nxd5 18. Bc4 N7f6 19. Rae1 Kh8 20. Bxd5 Nxd5 21. f4 exf3 22. gxf3 f4 23. e4 Ne3 24. Rxe3 fxe3 25. Qxe3 Qf4 26. Qxf4 Rxf4 27. Nc5 Rf6 28. Rf2 b6 29. Nb3 Rcf8 30. Kg2 g5 31. h3 h5 32. Kg3 Rf4 33. Nd2 Kg7 34. Nc4 g4 35. hxg4 hxg4 36. Ne5 gxf3 37. Rxf3 Rxe4 0-1